01837cas a2200337 450000100090000000300060000900500170001500700030003200800410003501000310007602200170010703500240012403700100014804000830015804200140024105000150025511000690027021000310033922200400037024500410041026000680045130000220051931000380054132100290057936200160060844000610062450007220068565000270140765000410143470000240147510545037AUA.120130528133225.0t|850720c19639999miufr p 0 a0eng c a 74645601 zsc 76000812  a0003-298021 a(OCoLC)ocm01780045  b49104 aMnMULScMnMULSdMBTIdNSDPdDLCdOCoLCdAIPdNSDPdAIPdOCoLCdDLCdTNJdOCoLC ansdpapcc00aBR1b.A53a2 aAndrews University.bSeventh-Day Adventist Theological Seminary.0 aAndrews Univ. Semin. stud. 0aAndrews University Seminary studies10aAndrews University Seminary studies. aBerrien Springs, Mich.,bAndrews University Press.cspring 2004 bill.c23 cm.av.: a2 issues yearly,b aFrequency varies,b1963-0 aspring 2004 aAndrews University Seminary Studies vVol. 42, No.1 2004 a"Journal of the Seventh-Day Adventist Theological Seminary." content: evolution and method; part 3: evolution and Adventist Theology; The genesis flood narrative crucial issues in the current debate; selected lexical and grammatical studies in Genesis 1. the use of the sanctuary in the Old testament Pseudepigrapha, Philo, and Josephus New Testament Greeks; manuscript facsimiles at Andrews university; miniature symbolization and year-Day Principle of prophetic interpretation; theodicy and the theme of cosmic conflict in the early church; leadership formation in ministerial education the impact of graduate; theological education on leadership development in the local pastorate; madaba plans project  0aTheologyvPeriodicals. 0aTheological seminariesxPeriodicals. aJerry Moon eEditor